| 000 | 01253aam a2200325 4500 | ||
|---|---|---|---|
| 999 |
_c46994 _d46994 |
||
| 001 | 20643 | ||
| 003 | CO-MdFUSB | ||
| 005 | 20180622073207.0 | ||
| 008 | 170512t1988 xxu||||f |||| 00| 0 eng d | ||
| 020 | _a1-555-40251-8 | ||
| 040 |
_aCO-MdFUSB _bspa _cCO-MdFUSB _dCO-MdFUSBC _erda |
||
| 041 | _aeng | ||
| 082 |
_224 _aG 226.306 _bD745p |
||
| 100 | 1 |
_aDowd, Sharyn Echols _eautor |
|
| 245 | 1 | 0 |
_aPrayer, power, and the problem of suffering _b: Mark 11:22-25 in the context of Markan theology _c/ Sharyn Echols Dowd |
| 264 | 1 |
_aAtlanta, Georgia : _bScholars Press, _c℗1988 |
|
| 264 | 4 | _c©1988 | |
| 300 | _a186 páginas | ||
| 336 |
_2rdacontent _atexto _btxt |
||
| 337 |
_2rdamedia _asin mediación _bn |
||
| 338 |
_2rdacarrier _avolumen _bnc |
||
| 490 | _aSociety of Biblical Literature | ||
| 504 | _aBibliografía (p. 167- 186) | ||
| 505 | 0 | 0 | _aLa oración en Marcos - El templo estéril y la nueva casa de oración - Texto y estructura - La oración al Dios que mueve montañas - La oración, la fe y el poder - La oración y el perdón - La voluntad de Dios en Marcos - Getsemaní y el problema de la teodicea |
| 563 | _aPasta dura | ||
| 650 | 7 |
_986 _aOración |
|
| 653 | _aBiblia.-- Marcos | ||
| 942 | _cBK | ||